Sports Quiz

Random Sports or Tennis Quiz

Career Slam Quiz Stats

 Plays Quiz Updated Jun 7, 2016

Challenge
Share
Tweet
Embed
Score 0/18 Timer 05:00
0 Plays Today
Player % Correct
Roger Federer
93.6%
Rafael Nadal
92.5%
Serena Williams
89.7%
Novak Djokovic
85.9%
Andre Agassi
84.9%
Maria Sharapova
80.2%
Steffi Graf
78.5%
Martina Navratilova
72%
Billie Jean King
65.8%
Player % Correct
Rod Laver
63.3%
Chris Evert
62.9%
Margaret Smith Court
51.1%
Fred Perry
25.5%
Don Budge
20.7%
Roy Emerson
18.3%
Maureen Connolly
13.5%
Doris Hart
4.1%
Shirley Fry
3.1%

You're not logged in!

Compare scores with friends on all Sporcle quizzes.
Join for Free
OR
Log In

You Might Also Like...

Show Comments

Extras

Top Quizzes Today


Score Distribution

Your Account Isn't Verified!

In order to create a playlist on Sporcle, you need to verify the email address you used during registration. Go to your Sporcle Settings to finish the process.

Report this User

Report this user for behavior that violates our Community Guidelines.

Details: